MARC

LEADER 00000nam0a2200000 4500
001 305472
005 20231102001813.0
035 |a (RuTPU)RU\TPU\book\330743 
090 |a 305472 
100 |a 20150926d1983 km y0rusy50 ca 
101 0 |a rus 
102 |a UA 
105 |a a z 001zy 
200 1 |a Структура, текстура и механические свойства деформированных сплавов молибдена 
210 |a Киев  |c Наукова думка  |d 1983 
215 |a 232 с.  |c ил. 
320 |a Библиогр.: с. 221-223 
320 |a Предм. указ.: с. 224-227 
606 1 |a Молибден  |x Металловедение  |2 stltpush  |3 (RuTPU)RU\TPU\subj\74161  |9 86653 
610 1 |a структура 
610 1 |a текстура 
610 1 |a механические свойства 
610 1 |a деформация 
610 1 |a сплавы 
610 1 |a конструирование 
610 1 |a пластическая деформация 
610 1 |a дислокационная структура 
610 1 |a текстурированные материалы 
675 |a 669.28  |v 4 
702 1 |a Трефилов  |b В. И.  |g Виктор Иванович  |4 340 
712 0 2 |a Академия наук Украинской ССР (АН УССР)  |b Институт проблем материаловедения им И. Н. Францевича (ИПМ)  |c (Киев)  |2 stltpush  |3 (RuTPU)RU\TPU\col\1143 
801 1 |a RU  |b 63413507  |c 20150926 
801 2 |a RU  |b 63413507  |c 20190417  |g RCR 
942 |c BK